000 00230nam a2200097 4500
245 _aThree plays
_cNissim Ezekiel
100 _aEzekiel, Nissim
260 _aCalcutta
_bP. Lal
_cc1969
300 _a95p.; 22cm.
082 _aIn
_b822.3 EZE
999 _c1797
_d1797